Tratado general de los contratos públicos (Registro nro. 1206)

Detalles MARC
000 -LEADER
fixed length control field 03875 a2200997 4500
001 - CONTROL NUMBER
control field 24627
005 - DATE AND TIME OF LATEST TRANSACTION
control field 20260407155529.0
008 - FIXED-LENGTH DATA ELEMENTS--GENERAL INFORMATION
fixed length control field 260407a2013 arg spa d
003 - CONTROL NUMBER IDENTIFIER
control field AR-UNSa-BCEJYS
040 ## - CATALOGING SOURCE
Original cataloging agency AR-UNSa-BCEJYS
Language of cataloging spa
Transcribing agency AR-UNSa-BCEJYS
080 ## - UNIVERSAL DECIMAL CLASSIFICATION NUMBER
Universal Decimal Classification number 351.71
Common auxiliary subdivision Bienes públicos. Obras públicas. Impuestos (Contratación pública)
020 ## - INTERNATIONAL STANDARD BOOK NUMBER
International Standard Book Number 978-987-03-2584-0
041 ## - LANGUAGE CODE
Language code of text/sound track or separate title spa
100 1# - MAIN ENTRY--PERSONAL NAME
Personal name Cassagne, Juan Carlos
245 10 - TITLE STATEMENT
Title Tratado general de los contratos públicos
264 #1 - PRODUCTION, PUBLICATION, DISTRIBUTION, MANUFACTURE, AND COPYRIGHT NOTICE
Place of production, publication, distribution, manufacture Buenos Aires :
Name of producer, publisher, distributor, manufacturer La Ley
Date of production, publication, distribution, manufacture, or copyright notice 2013
300 ## - PHYSICAL DESCRIPTION
Extent 3v. (xxviii, 989; xxxvii, 1319; xxx, 1265 p.)
Dimensions 26 cm.
505 ## - FORMATTED CONTENTS NOTE
Formatted contents note Vol. I: 1. La contratación pública en general e instituciones afines - 2. La contratación pública en el derecho provincial y en el de la Ciudad Autónoma de Buenos Aires -- Vol. II: 3. La contratación pública en el derecho comparado - 4. La selección del contratista estatal y los procedimientos licitatorios - 5. Elementos e invalidez del contrato administrativo -- Vol. III: 6. La ejecucción y la extinción del contrato administrativo - 7. Los contratos administrativos en particular - 8. Los nuevos contratos de la administración y los regímenes especiales - 9. Las controversias en materia de contratos de la administración
590 ## - LOCAL NOTE (RLIN)
Local note niveau_biblio:m niveau_hierar:0
700 1# - ADDED ENTRY--PERSONAL NAME
Personal name Altamira Gigena, Julio Isidro
700 1# - ADDED ENTRY--PERSONAL NAME
Personal name Andreucci, Carlos Alberto
700 1# - ADDED ENTRY--PERSONAL NAME
Personal name Ariño Ortiz, Gaspar
700 1# - ADDED ENTRY--PERSONAL NAME
Personal name Barra, Rodolfo Carlos
700 1# - ADDED ENTRY--PERSONAL NAME
Personal name Barrese, María Julia
700 1# - ADDED ENTRY--PERSONAL NAME
Personal name Buteler, Alfonso
700 1# - ADDED ENTRY--PERSONAL NAME
Personal name Cardona, Juan Carlos
700 1# - ADDED ENTRY--PERSONAL NAME
Personal name Coronel, Gemán
700 1# - ADDED ENTRY--PERSONAL NAME
Personal name Jorge Coviello, Pedro José
700 1# - ADDED ENTRY--PERSONAL NAME
Personal name Cuadros, Oscar A.
700 1# - ADDED ENTRY--PERSONAL NAME
Personal name Fajardo Goméz, Mauricio
700 1# - ADDED ENTRY--PERSONAL NAME
Personal name Farrando, Ismael
700 1# - ADDED ENTRY--PERSONAL NAME
Personal name Galli Basualdo, Martín
700 1# - ADDED ENTRY--PERSONAL NAME
Personal name Irusta, Juan Manuel
700 1# - ADDED ENTRY--PERSONAL NAME
Personal name Nallar, Daniel M.
700 1# - ADDED ENTRY--PERSONAL NAME
Personal name Sarmiento García, Jorge
700 1# - ADDED ENTRY--PERSONAL NAME
Personal name Seijas, Gabriela
700 1# - ADDED ENTRY--PERSONAL NAME
Personal name Sobre Casas, Roberto Pablo
700 1# - ADDED ENTRY--PERSONAL NAME
Personal name Viale, Claudio Martín
700 1# - ADDED ENTRY--PERSONAL NAME
Personal name Aguilar Valdez, Oscar R.
700 1# - ADDED ENTRY--PERSONAL NAME
Personal name Araujo Juárez, José
700 1# - ADDED ENTRY--PERSONAL NAME
Personal name Béjar Rivera, Luis José
700 1# - ADDED ENTRY--PERSONAL NAME
Personal name Bianchi, Alberto B.
700 1# - ADDED ENTRY--PERSONAL NAME
Personal name Botassi, Carlos A.
700 1# - ADDED ENTRY--PERSONAL NAME
Personal name Brewer Carías, Allan R.
700 1# - ADDED ENTRY--PERSONAL NAME
Personal name Canda, Fabián O.
700 1# - ADDED ENTRY--PERSONAL NAME
Personal name Chibán, Nora
700 1# - ADDED ENTRY--PERSONAL NAME
Personal name Danós Ordóñez, Jorge
700 1# - ADDED ENTRY--PERSONAL NAME
Personal name Durán Martínez, Augusto
700 1# - ADDED ENTRY--PERSONAL NAME
Personal name Figueiredo Moreira Neto, Diogo de
700 1# - ADDED ENTRY--PERSONAL NAME
Personal name Finn, María Victoria
700 1# - ADDED ENTRY--PERSONAL NAME
Personal name Garcia Rajo, Eduardo
700 1# - ADDED ENTRY--PERSONAL NAME
Personal name González-Varas Ibáñez, Santiago
700 1# - ADDED ENTRY--PERSONAL NAME
Personal name Gottschau, E.Patrizia
700 1# - ADDED ENTRY--PERSONAL NAME
Personal name Hutchinson, Tomás A.
700 1# - ADDED ENTRY--PERSONAL NAME
Personal name Lamoglia, Carlos Marcelo
700 1# - ADDED ENTRY--PERSONAL NAME
Personal name Llinás, Diego P.
700 1# - ADDED ENTRY--PERSONAL NAME
Personal name Massimino, Leonardo F.
700 1# - ADDED ENTRY--PERSONAL NAME
Personal name Mata, Ismael
700 1# - ADDED ENTRY--PERSONAL NAME
Personal name Medauar, Odete
700 1# - ADDED ENTRY--PERSONAL NAME
Personal name Moderne, Franck
700 1# - ADDED ENTRY--PERSONAL NAME
Personal name Monti, Laura
700 1# - ADDED ENTRY--PERSONAL NAME
Personal name Muratorio, Jorge I.
700 1# - ADDED ENTRY--PERSONAL NAME
Personal name OteroValera, Juan Manuel
700 1# - ADDED ENTRY--PERSONAL NAME
Personal name Pacheco Barassi, Leandro T.
700 1# - ADDED ENTRY--PERSONAL NAME
Personal name Riva, Ignacio M. de la
700 1# - ADDED ENTRY--PERSONAL NAME
Personal name Rodríguez Rodríguez, Libardo
700 1# - ADDED ENTRY--PERSONAL NAME
Personal name Sánchez, Alberto
700 1# - ADDED ENTRY--PERSONAL NAME
Personal name Sesin, Domingo J.
700 1# - ADDED ENTRY--PERSONAL NAME
Personal name Silva Tamayo, Gustavo E.
700 1# - ADDED ENTRY--PERSONAL NAME
Personal name Siseles, Osvaldo
700 1# - ADDED ENTRY--PERSONAL NAME
Personal name Travi, Aldo
700 1# - ADDED ENTRY--PERSONAL NAME
Personal name Ugolini, Daniela
700 1# - ADDED ENTRY--PERSONAL NAME
Personal name Vergara Blanco, Alejandro
700 1# - ADDED ENTRY--PERSONAL NAME
Personal name De Vivero Arciniegas, Felipe
700 1# - ADDED ENTRY--PERSONAL NAME
Personal name Aberastury, Pedro
700 1# - ADDED ENTRY--PERSONAL NAME
Personal name Barrera Muñoz, William
700 1# - ADDED ENTRY--PERSONAL NAME
Personal name Bello Knoll, Susy Inés
700 1# - ADDED ENTRY--PERSONAL NAME
Personal name Bogut Salcedo, Esteban
700 1# - ADDED ENTRY--PERSONAL NAME
Personal name Calonje, Diego
700 1# - ADDED ENTRY--PERSONAL NAME
Personal name Canosa, Armando N.
700 1# - ADDED ENTRY--PERSONAL NAME
Personal name Carello, Luis Armando
700 1# - ADDED ENTRY--PERSONAL NAME
Personal name Celorrio, Hernán
700 1# - ADDED ENTRY--PERSONAL NAME
Personal name Comadira, Julio Pablo
856 41 - ELECTRONIC LOCATION AND ACCESS
Uniform Resource Identifier <a href="https://biblioeco.unsa.edu.ar/pmb/images/libros/Tratado General de los Contratos P?blicos(2013).jpg">https://biblioeco.unsa.edu.ar/pmb/images/libros/Tratado General de los Contratos P?blicos(2013).jpg</a>
Link text Imagen de portada
Electronic format type image/jpeg
942 ## - ADDED ENTRY ELEMENTS (KOHA)
Koha item type
Existencias
Withdrawn status Lost status Damaged status Not for loan Home library Current library Shelving location Date acquired Total checkouts Full call number Barcode Date last seen Price effective from Koha item type
        Biblioteca Prof. Eusebio Cleto del Rey Biblioteca Prof. Eusebio Cleto del Rey   07/04/2026   351.71 C343t v.1 L119692 07/04/2026 07/04/2026 Libro
        Biblioteca Prof. Eusebio Cleto del Rey Biblioteca Prof. Eusebio Cleto del Rey   07/04/2026   351.71 C343t v.2 L119693 07/04/2026 07/04/2026 Libro
        Biblioteca Prof. Eusebio Cleto del Rey Biblioteca Prof. Eusebio Cleto del Rey   07/04/2026   351.71 C343t v.3 L119694 07/04/2026 07/04/2026 Libro